Física

Gorde:
Xehetasun bibliografikoak
Egile nagusia: Serway, Raymond A.
Beste egile batzuk: Nagore Cázares, Gabriel Traductor/a
Formatua: Liburua
Hizkuntza:Spanish
Argitaratua: México : McGraw-Hill, c1997
Gaiak:
Etiketak: Etiketa erantsi
Etiketarik gabe, Izan zaitez lehena erregistro honi etiketa jartzen!

MARC

LEADER 00000nam a2200000Ia 4500
003 003840
005 20230222092548.0
008 140116s1997 mx a 000 ||spa d
040 |c cru CEDI  
090 |a 530 S492f4 
100 |a Serway, Raymond A.  |9 106 
245 |a Física 
260 |a  México : McGraw-Hill,   |c c1997 
300 |a  volúmenes : ilustraciones (algunas a color) 
500 |a Traducción de: Physics for scientists & engineers with modern physics 
501 |a La Biblioteca contiene: v.1-2 
650 |x FISICA  
700 |9 107  |a Nagore Cázares, Gabriel   |d Traductor/a 
942 |2 ddc  |c CEDI 
999 |c 13329  |d 13329